000 00785nam a2200193Ii 4500
003 JO-AjNU
008 230605s9999||||xx |||||||||||||| ||und||
040 _aJO-AjNU
_bara
_erda
_cJO-AjNU
041 _aara
050 1 4 _aBP144.S5 1965
100 3 _aالسباعي، مصطفى ، عبد الرحمن الصابوني,
_eauthor
_940930
245 0 0 _aالأحوال الشخصية في الأهلية والوصية والتركات
264 3 1 _aدمشق: دار الفكر، 1965
300 _a659ص
336 _atext
_btxt
_2rdacontent
337 _aunmediated
_bn
_2rdamedia
338 _avolume
_bnc
_2rdacarrier
650 4 _aفقه احوال شخصية- التركات- اهلية- الوصية- الاحوال الشخصية- قوانين وتشريعات- سوريا
_940931
999 _aA17409
_c20977
_d20977